000
00275nam a2200121 a 4500
008
100920s1990|||| d
245
1
0
_a
Čary lásky
100
1
_a
Erdrichová, Louise
260
_b
Smena
_a
Bratislava
_c
1990
020
_c
32
044
_a
xo
_c
SK
041
_a
slo
999
_c
10522
_d
10522